000 00617nam a2200229Ia 4500
003 OSt
005 20221006164722.0
006 a|||||r|||| 00| 0
007 ta
008 221006b |||||||| |||| 00| 0 hin d
024 _a3,914
037 _cTextual
040 _aFML
_cFML
_bhin
041 _2hin
_ahin
082 _aNR44,691, M4
100 _aKulshrestha Jagdish Sahai Au.
_9676913
245 0 _aSangeet Sudha
260 _aNew Delhi
_bPitamber Book Depot
_c1984
300 _a316
_ccm.
942 _hNR44,691, M4
_cTEXL
_2CC
999 _c1118226
_d1118226